[Event "C.to Provinciale KR"]
[Site "Crotone ITA"]
[Date "2012.12.30"]
[Round "4"]
[White "Rametta, Marcello"]
[Black "Manfredi, Candido"]
[WhiteElo "1778"]
[BlackElo "1708"]
[Result "0-1"]
[PlyCount "66"]
[EventDate "2012.12.28"]

1. e4 e6 2. e5 d5 3. d4 c5 4. c3 Nc6 5. Bb5 Bd7 6. Bxc6 Bxc6 7. Nf3 cxd4 8.
cxd4 Bb4+ 9. Bd2 Bxd2+ 10. Qxd2 f5 11. O-O Nh6 12. Ng5 Qe7 13. b4 O-O 14. a4 a6
15. Na3 f4 16. h4 Nf5 17. Qxf4 h6 18. Nf3 Qxb4 19. Nc2 Qe7 20. Ne3 a5 21. Nxf5
Rxf5 22. Qe3 Raf8 23. Rfb1 Qe8 24. Qc3 Qg6 25. Kf1 Qg4 26. Rb2 Rxf3 27. gxf3
Rxf3 28. Qxa5 Qxd4 29. Qd8+ Kh7 30. Qb6 Qxe5 31. Re1 Qf6 32. Rbe2 d4 33. Rxe6
Rxf2+ 0-1

[Event "C.to Provinciale KR"]
[Site "Crotone ITA"]
[Date "2012.12.30"]
[Round "5"]
[White "Galardo, Emanuele"]
[Black "Camposano, Antonio"]
[WhiteElo "1377"]
[BlackElo "1455"]
[Result "1/2-1/2"]
[PlyCount "123"]
[EventDate "2012.12.28"]

1. e4 e5 2. Nf3 Nc6 3. Bc4 h6 4. O-O Nf6 5. Nc3 d6 6. d3 Bg4 7. h3 Bh5 8. b3
Nd4 9. g4 Nxf3+ 10. Qxf3 Bg6 11. Bb2 Nh7 12. Ne2 Qh4 13. Qg3 Qxg3+ 14. Nxg3 Ng5
15. Kh2 Nf3+ 16. Kg2 Nd2 17. Rfd1 Nxc4 18. dxc4 O-O-O 19. Rd2 Be7 20. f3 Bg5
21. Rd3 Be7 22. Rad1 f6 23. Ba3 Rhe8 24. Kf2 c5 25. b4 b6 26. b5 Bf7 27. Rc3 g6
28. Bc1 Rh8 29. Ke3 Kc7 30. Ra3 Kb7 31. Kd3 g5 32. Nf5 Bf8 33. Ne3 h5 34. Ke2
hxg4 35. hxg4 Rh2+ 36. Kd3 Rf2 37. Rf1 Rxf1 38. Nxf1 Bg6 39. Ke3 Be7 40. Ng3
Rh8 41. Nf5 Bxf5 42. gxf5 Rh3 43. Ke2 Rh2+ 44. Kd3 Rf2 45. Kc3 g4 46. Kb2 Rxf3
47. Rxf3 gxf3 48. Be3 Bf8 49. Bf2 a6 50. Kc3 Bh6 51. a4 a5 52. Kd3 Kc7 53. Be3
Bg5 54. Bxg5 fxg5 55. Ke3 g4 56. Kf2 Kd7 57. Kg3 Ke7 58. Kf2 Kf6 59. Kg3 Kg5
60. c3 Kf6 61. Kf2 Kg5 62. Kg3 1/2-1/2

[Event "C.to Provinciale KR"]
[Site "Crotone ITA"]
[Date "2012.12.30"]
[Round "5"]
[White "Grillo, Gianluca"]
[Black "Frontera, Domenico"]
[WhiteElo "1335"]
[BlackElo "1710"]
[Result "0-1"]
[PlyCount "98"]
[EventDate "2012.12.28"]

1. d4 d6 2. c4 Nf6 3. Nc3 g6 4. Nf3 Bg7 5. e4 O-O 6. Be2 c5 7. O-O Nc6 8. Be3
Ng4 9. Qd2 Nxe3 10. fxe3 e6 11. d5 Ne5 12. Nxe5 Bxe5 13. b3 Qh4 14. g3 Bxc3 15.
Qxc3 Qxe4 16. Bf3 Qe5 17. Qxe5 dxe5 18. d6 f5 19. e4 Rb8 20. Rad1 Rd8 21. exf5
gxf5 22. Be2 Bd7 23. g4 f4 24. Bd3 h6 25. Be4 Kf7 26. h4 Rg8 27. Bf3 Bc6 28. d7
Bxf3 29. Rxf3 Rxg4+ 30. Kf2 Rd8 31. Rh3 Ke7 32. Kf3 Rg6 33. Re1 Rxd7 34. Rxe5
Rd3+ 35. Ke4 Rxh3 36. Rxc5 Re3+ 37. Kd4 e5+ 38. Kd5 Kd7 39. Ra5 a6 40. b4 f3
41. b5 f2 42. bxa6 b6 43. a7 Rd3+ 44. Kxe5 Rg8 45. a8=Q Rxa8 46. Rxa8 f1=Q 47.
Rh8 Re3+ 48. Kd4 Qa1+ 49. Kxe3 Qxh8 0-1

[Event "C.to Provinciale KR"]
[Site "Crotone ITA"]
[Date "2012.12.30"]
[Round "5"]
[White "Guzzo, Giovanni"]
[Black "Brogneri, Giovanni"]
[WhiteElo "1711"]
[BlackElo "1796"]
[Result "0-1"]
[PlyCount "110"]
[EventDate "2012.12.28"]

1. e4 c5 2. Bc4 d6 3. Nf3 Nf6 4. Nc3 a6 5. a3 e6 6. d3 b5 7. Ba2 Be7 8. O-O Bb7
9. h3 d5 10. exd5 Nxd5 11. Nxd5 Bxd5 12. c4 Bc6 13. Ne5 Bf6 14. Nxc6 Nxc6 15.
Rb1 Qd6 16. Qf3 O-O 17. Bf4 Be5 18. g3 Bxf4 19. gxf4 Rad8 20. Rfd1 Nd4 21. Qg3
Qc6 22. f3 f5 23. Qg2 Rf6 24. Kh2 Rg6 25. Qf2 h5 26. cxb5 axb5 27. Re1 Re8 28.
Rbc1 Qd6 29. Qe3 h4 30. Rg1 Rxg1 31. Rxg1 Kf7 32. Rg5 Nc2 33. Qd2 Ne1 34. Qe3
Nxd3 35. Rxf5+ Kg8 36. Bb1 c4 37. Rxb5 Qxf4+ 38. Qxf4 Nxf4 39. Rc5 Rb8 40. Be4
Rxb2+ 41. Kg1 Nxh3+ 42. Kf1 Nf2 43. Bg6 Kf8 44. Rxc4 h3 45. Kg1 Ke7 46. a4 Kf6
47. a5 Kxg6 48. a6 Nd1 49. Ra4 Rg2+ 50. Kf1 Ne3+ 51. Ke1 h2 52. Rh4 Rg1+ 53.
Kf2 h1=Q 54. Rxh1 Rxh1 55. Kxe3 Ra1 0-1

[Event "C.to Provinciale KR"]
[Site "Crotone ITA"]
[Date "2012.12.30"]
[Round "5"]
[White "Levato, Biagio"]
[Black "Cicero, Angelo"]
[WhiteElo "1562"]
[BlackElo "1745"]
[Result "0-1"]
[PlyCount "84"]
[EventDate "2012.12.28"]

1. e4 e5 2. Nf3 Nc6 3. Bc4 Bc5 4. c3 Nf6 5. d4 exd4 6. cxd4 Bb4+ 7. Nc3 Nxe4 8.
O-O Nxc3 9. bxc3 Bxc3 10. Qb3 Bxa1 11. Bxf7+ Kf8 12. Re1 Nxd4 13. Nxd4 Bxd4 14.
Re8+ Qxe8 15. Bxe8 Kxe8 16. Qd5 Bf6 17. g4 c6 18. Qe4+ Kd8 19. g5 Be7 20. Bf4
Rf8 21. h4 d6 22. Be3 Bf5 23. Qa4 Kd7 24. h5 d5 25. Qd4 g6 26. h6 Rf7 27. a4
Be4 28. a5 b6 29. Qb2 Rb8 30. a6 Bd6 31. Bd4 Re8 32. Bxb6 Rb8 33. Qd4 Rxb6 34.
f3 Rb1+ 35. Kf2 Rxf3+ 36. Ke2 Rbb3 37. Qxa7+ Ke6 38. Qg7 Rbe3+ 39. Kd1 Rf1+ 40.
Kd2 Ree1 41. Qg8+ Kf5 42. a7 Bb4# 0-1

[Event "C.to Provinciale KR"]
[Site "Crotone ITA"]
[Date "2012.12.30"]
[Round "5"]
[White "Manfredi, Candido"]
[Black "Olivo, Paolo"]
[WhiteElo "1708"]
[BlackElo "1772"]
[Result "1/2-1/2"]
[PlyCount "104"]
[EventDate "2012.12.28"]

1. d4 g6 2. c4 Bg7 3. Nf3 d6 4. g3 Nf6 5. Bg2 O-O 6. O-O Nbd7 7. Nc3 e5 8. d5
c5 9. dxc6 bxc6 10. Qxd6 Re8 11. Qxc6 Rb8 12. Qa4 a6 13. Qc2 Bb7 14. Rb1 Qc7
15. b3 Nc5 16. Re1 h6 17. e4 Rbd8 18. Nd5 Nxd5 19. exd5 e4 20. Bf4 Qc8 21. Nd2
f5 22. Bf1 Nd7 23. Bh3 Bxd5 24. Nf1 g5 25. Bd2 Ne5 26. Bg2 Bc6 27. Bc3 Nf3+ 28.
Bxf3 exf3 29. Bxg7 Kxg7 30. Qc3+ Kg6 31. Rxe8 Rxe8 32. Re1 Be4 33. h3 f4 34. g4
h5 35. Qd4 Qc6 36. Nd2 Bc2 37. Rxe8 Qxe8 38. Nxf3 hxg4 39. hxg4 Qe6 40. Ne5+
Kf6 41. Nd7+ Kf7 42. Qd5 Qxd5 43. cxd5 Be4 44. Nc5 Bxd5 45. Nxa6 Bf3 46. Nc5
Ke7 47. Kf1 Kd6 48. b4 Kd5 49. Ke1 Bxg4 50. Kd2 Bf5 51. Nd3 Kc4 52. Ne5+ Kxb4
1/2-1/2

[Event "C.to Provinciale KR"]
[Site "Crotone ITA"]
[Date "2012.12.30"]
[Round "5"]
[White "Morelli, Gaetano"]
[Black "Greco, Simone"]
[WhiteElo "1891"]
[BlackElo "1740"]
[Result "1-0"]
[PlyCount "129"]
[EventDate "2012.12.28"]

1. e4 c5 2. Nc3 Nc6 3. f4 g6 4. Nf3 Bg7 5. Bc4 e6 6. O-O Nge7 7. d3 Na5 8. Qe1
O-O 9. f5 exf5 10. Qh4 Nxc4 11. dxc4 h5 12. Bg5 f6 13. Be3 b6 14. Nb5 fxe4 15.
Qxe4 d5 16. cxd5 Bf5 17. Qa4 a6 18. d6 axb5 19. Qb3+ c4 20. dxe7 Qxe7 21. Qc3
Bxc2 22. Bxb6 Bd3 23. Rfe1 Qb7 24. Bc5 Rfe8 25. Nd4 Qd5 26. Qb4 Bf8 27. Rxe8
Rxe8 28. Qxb5 Rc8 29. Ba7 Bc5 30. Bxc5 Qxc5 31. Qxc5 Rxc5 32. a4 Ra5 33. Nb5
Bc2 34. Nc3 Kf7 35. Re1 Ra6 36. Ra1 Ke6 37. Kf2 Kd6 38. Ke3 Kc5 39. Kd2 Bb3 40.
Ke3 Ra5 41. g3 Kb4 42. Kd4 Rf5 43. a5 Rxa5 44. Nd5+ Kb5 45. Rxa5+ Kxa5 46. Nxf6
Kb5 47. Nd7 Kb4 48. Ne5 g5 49. Nf3 g4 50. Nd2 Ba2 51. Ke5 c3 52. bxc3+ Kxc3 53.
Ne4+ Kd3 54. Nf6 Bf7 55. Kf4 Ke2 56. Nxg4 hxg4 57. Kxg4 Ke3 58. h4 Ke4 59. h5
Be6+ 60. Kg5 Bf5 61. g4 Bh7 62. Kf6 Kf4 63. g5 Kg4 64. g6 Bg8 65. h6 1-0

[Event "C.to Provinciale KR"]
[Site "Crotone ITA"]
[Date "2012.12.30"]
[Round "5"]
[White "Proietto, Francesco"]
[Black "Rametta, Marcello"]
[WhiteElo "1640"]
[BlackElo "1778"]
[Result "1/2-1/2"]
[PlyCount "44"]
[EventDate "2012.12.28"]

1. d4 d5 2. c4 dxc4 3. e4 g6 4. Bxc4 Bg7 5. Be3 e6 6. Nf3 a6 7. a4 Nc6 8. e5
Nge7 9. Nc3 Bd7 10. O-O O-O 11. Bg5 Qe8 12. Ne4 Nd5 13. Bxd5 exd5 14. Nf6+ Bxf6
15. Bxf6 h6 16. h4 Bg4 17. Qd2 Kh7 18. Nh2 Qd7 19. f3 Bf5 20. g4 Be6 21. Rf2
Ne7 22. Rg2 Ng8 1/2-1/2